| 000 | 00867nam a22003254a 4500 | ||
|---|---|---|---|
| 001 | UByD002972 | ||
| 003 | AR-LpoUNG | ||
| 005 | 20240718112138.0 | ||
| 008 | 240718s1995||||sp g d 000|0 spa d | ||
| 020 | _a8439533640 | ||
| 040 |
_aAR-LpoUNG _bspa _cAR-LpoUNG _eaacr |
||
| 041 | 1 |
_aspa _ager |
|
| 044 | _asp | ||
| 082 | 0 |
_aR438 954dic _220 |
|
| 100 | 1 | _aMüller, Franz | |
| 245 | 1 | 0 | _aDiccionario alemán-español y español-alemán |
| 250 | _a1ra. ed. | ||
| 260 |
_aBarcelona : _bSopena, _c[1995]. |
||
| 300 |
_a204 p. : _bgráfs., tbls. |
||
| 650 | 4 | _aDICCIONARIOS | |
| 650 | 4 | _aDOCUMENTOS PRIMARIOS | |
| 650 | 4 | _aLENGUA ALEMANA | |
| 650 | 4 | _aLENGUA ESPAÑOLA | |
| 650 | 4 | _aMATERIAL DE REFERENCIA | |
| 650 | 4 | _aTEMINOLOGIA | |
| 653 | 0 | _aDICCIONARIOS BILINGÜES | |
| 653 | _aDICCIONARIOS DE ALEMAN | ||
| 905 | _a4858 | ||
| 942 |
_cLSALA _2ddc |
||
| 999 |
_c65541 _d65541 |
||